00321nam a2200121Ia 4500008004100000041000800041082001700049100001800066245002900084260004400113300003100157365001100188240624s9999 xx 000 0 und d aeng a658.4013 MUK aMUKHERJEE P N aTOTAL QUALITY MANAGEMENT c2006aNew DelhibPrentice-Hall of India axiv, : 418 : p. : cm. ; 23 cRSb36